Magister Leonard umravňoval dominikánov Košice v stredoveku: Kapitán Jan Jiskra z Brandýsa (6.)

Bibliographic Details
Main Author: Duchoň, Jozef (Author)
Corporate Authors: Dominikáni (Author), Kláštor dominikánov (Košice, Slovensko) (Author)
Format: Article
Language:Slovak
PhysicalDescription:4 foto
Subjects:

MARC

LEADER 00000nab a2200000 a 4500
001 vtls000931810
003 SK-MaSNL
005 20260305003530.0
008 040720e20040213xo 0 slo
035 |a KE40687 
040 |a KEVKJB  |b slo  |c KEVKJB  |e AACR2 
041 0 |a slo 
044 |a xo  |c SK 
080 |a 943.767.1  |2 1981 
100 1 |a Duchoň, Jozef  |4 aut  |9 317656 
245 1 0 |a Magister Leonard umravňoval dominikánov  |b Košice v stredoveku: Kapitán Jan Jiskra z Brandýsa (6.) 
300 |b 4 foto 
600 1 7 |a Jiskra z Brandýsa, Jan,  |d 1400-1469  |2 SNKMA 
600 1 7 |a Talafús z Ostrova, Jan  |2 SNKMA  |9 1021070 
610 2 7 |a Kláštor dominikánov (Košice, Slovensko)  |2 SNKKA  |9 158327 
650 0 7 |a dominikáni  |2 SNKPH  |9 19101 
650 0 7 |a stredovek  |2 SNKPH  |9 4259 
651 7 |a Jasov (Slovensko)  |2 SNKPHgeo  |9 22401 
651 7 |a Košice (Slovensko)  |2 SNKPHgeo  |9 18694 
651 7 |a Košice-okolie (Slovensko : okres)  |2 SNKPHgeo  |9 146743 
655 7 |a periodikum  |2 SNKPH  |9 29553 
710 2 |a Dominikáni  |4 aut  |9 32508 
710 2 |a Kláštor dominikánov (Košice, Slovensko)  |4 aut  |9 158327 
773 0 8 |t Košický večer  |g Roč. 15  |g Roč. 36, 13.2.2004, s. 4 
773 0 8 |i Príl.:  |t Magazín. - Roč. 9 č. 6 (2004) 
852 |a ZVYKNI  |b KIS3GCP 
999 |c 3230749  |d 3232679